000 02456nam a2200361 i 4500
001 768714001
003 CO-MdFUSB
005 20260325124450.0
007 ta
008 241001t1967 sp b|||| |||| 001 0 spa d
020 _a84-254-0083-X
040 _bspa.
_aCO-MdFUSB
_cCO-MdFUSB
_dCO-MdFUSBC
_erda
041 _aspa
_hger
082 _223
_a226.5
_bEV92
100 _aWikenhauser, Alfred,
_eautor
240 _aDas Evangelium nach Johannes
245 3 _aEl evangelio según san Juan
_c/ Alfred Wikenhauser ; traducido por Florencio Galindo
250 _aTercera edición
264 1 _aBarcelona, España :
_bHerder,
_c[1978]
264 4 _c©1967
300 _a530 páginas
_c; 21 cm
336 _2rdacontent
_atexto
_btxt
337 _2rdamedia
_asin mediación
_bn
338 _2rdacarrier
_avolumen
_bnc
490 _aBiblioteca Herder
504 _aIncluye cronología de la vida pública de Cristo según el cuarto evangelio, Índice de excursus
505 _aLa obra de Jesús en el mundo, 1,19-12,50. -- La preparación, 1,19-51. -- Comienza la actividad pública. -- La revelación de la persona de Jesús a través de continuas discusiones con los judíos incrédulos, 5,1-10.39. -- Jesús se revela a través de su actividad en Galilea, 6,1-71. -- Jesús se revela por primera vez en Jerusalén, con ocasión de la curación de un paralítico, 5,1-47. -- Jesús se revela durante la fiesta de tabernáculos, 7,1-52. -- Nuevas revelaciones y discusiones de Jesús con los judíos, 8,12-59. -- Ceguera de los enemigos de Jesús, 9,1-46. -- El discurso del buen pastor, 10,1-21. -- Jesús se revela por última vez en la fiesta de la dedicación del templo, 10,22-39. -- Resonancia de la actividad de Jesús, 10,40-12,50. -- La resurrección de Lázaro y sus consecuencias, 10,40-11,54. -- Último viaje a Jerusalén, 11,55-12,50. -- El retorno de Jesús al Padre, 13,1-21,25. -- La víspera de la muerte, 13,1-17,26. -- La última cena, 13,1-30. -- Los discursos de despedida de Jesús. -- Oración de despedida, 17,1-26. -- La pasión, 18,1-19,42. -- Jesús en poder de la autoridad judía, 18,1-27. -- Jesús ante Pilato, 18,28-19,16a. -- Crucifixión, muerte y sepultura de Jesús, 19,16-42. -- Jesús resucitado, 20,1-21,25.
563 _aRústica
630 0 7 _aBiblia.
_pJuan
_xCrítica, interpretación, etc.
700 _aGalindo, Florencio,
_910813
_etraductor
942 _cBK
945 _aCatherine Arias Alvarez
999 _c71002
_d71002